Estadísticas para Goleadores de la Primera Division Argentina

Haz click aquí para intentar la prueba.

Estadísticas generales

  • Esta prueba ha sido intentada 34 veces
  • La puntuación promedio es 12 de 18

Estadísticas de respuestas

TemporadaGolesGoleadoresEquipo% Correcto
202118Julian AlvarezRiver Plate
94%
2016-201721Dario BenedettoBoca Juniors
91%
201614Jose SandLanus
91%
201521Marco RubenRosario Central
81%
202219Mateo ReteguiTigre
81%
12Rafael Santos BorreRiver Plate
78%
11Ignacio ScoccoNewell's Old Boys
75%
2017-201817Santiago GarciaGodoy Cruz
66%
2018-201917Lisandro LopezRacing Club
63%
201411Lucas PrattoVelez Sarsfield
63%
11Maximiliano RodriguezNewell's Old Boys
63%
13Pablo VegettiBelgrano
63%
202313Michael SantosTalleres
56%
201413Mauro ZarateVelez Sarsfield
50%
2019-202012Silvio RomeroIndependiente
50%
11Silvio RomeroLanus
50%
201311Emmanuel GigliottiColon
41%
201310Cesar PereyraBelgrano
38%

Distribución de puntuación

Porcentaje por número respondido

Porcentaje de gente con cada puntuación

Historial de tus puntuaciones

No has intentado esta prueba.